000 00441nam a22001697a 4500
003 NUST - PNEC
005 20170116180921.0
008 150904b xxu||||| |||| 00| 0 eng d
020 _a0878355170
040 _cLIBRARY
082 _a005.265 QUA
100 _97779
_aQuasney, James S.
245 _aQuickBASIC fundamentals and style
_cJames S. Quasney
260 _cc.1991
650 _97780
_aMicrosoft QuickBASIC
_xMIS
942 _2ddc
_cBK
999 _c65620
_d65620